| 000 | 00756cam a2200229 a 4500 | ||
|---|---|---|---|
| 001 | 4432291 | ||
| 005 | 20260415151838.0 | ||
| 008 | 940510s1994 mnu 001 0 eng | ||
| 020 |
_a031423831 _qacid-free paper |
||
| 020 |
_a9780314238313 _q(acid-free paper) |
||
| 050 | 0 | 0 |
_aKF2750.C37 _bM37 1994 |
| 082 | 0 | 0 |
_a343.7309/9 _a347.30399 _220 |
| 100 | _aT. BARTON CARTER, JULIET LUSHBOUGH DEE, HARVEY L. ZUCKMAN | ||
| 245 | 0 | 0 |
_aMass communication law in a nutshell / _cby T. Barton Carter, |
| 250 | _a5th ed. | ||
| 260 |
_aSt. Paul, Minn. : _bWest Pub. Co., _cC2000. |
||
| 300 |
_aLxi,622p, _c19 cm. |
||
| 500 | _aIncludes index. | ||
| 650 | 0 |
_aMass media _xLaw and legislation _zUnited States. |
|
| 700 | 1 | _aCarter, T. Barton. | |
| 942 |
_2lcc _cBK _e5th _n0 |
||
| 999 |
_c9220 _d9220 |
||